000 00482nam a2200181Ia 4500
008 240925s9999 xx 000 0 und d
020 _a9789332587038
082 _a621.47 KIS
100 _aKissell ,Thomas E.
245 0 _aIntroduction to solar principles
250 _aNA
260 _aUttar Pradesh:
_bPearson Education Inc
_c,2018.
300 _a852p.
_b0
_fOriginal
500 _aIncludes Index
600 _aElectronic Engineering
650 _aTechnology
942 _cBK
999 _c17497
_d17497